Guess the Niall Horan song #1 - Statistics

General Stats
  • This quiz has been taken 446 times
  • The average score is 106 of 164
Answer Stats
Answer % Correct
I
97%
a
94%
you
94%
You
94%
me
86%
to
86%
the
85%
Chorus
82%
We
81%
And
76%
and
76%
this
73%
be
72%
my
72%
do
71%
No
71%
no
71%
on
71%
Your
70%
Like
69%
That
68%
that
68%
she
67%
want
67%
know
66%
what
63%
with
62%
hands
61%
I'm
61%
Slow
61%
slow
61%
take
61%
Take
61%
baby
60%
it
60%
Yeah
60%
yeah
60%
all
59%
back
59%
'Cause
58%
said
56%
night
55%
place
55%
should
55%
bad
54%
face
54%
chance
53%
here
53%
sweat
53%
That's
53%
dirty
52%
dripping
52%
there
52%
without
52%
laundry
51%
leaving
51%
down
50%
feel
50%
right
50%
way
50%
been
49%
just
49%
can't
48%
Can't
48%
same
48%
time
48%
our
47%
could
46%
hope
46%
I've
46%
day
45%
show
44%
wanna
44%
Wanna
44%
already
43%
thinking
43%
those
43%
ain't
42%
home
42%
plans
42%
stoppin'
42%
'bout
41%
say
39%
now
38%
Got
37%
tell
37%
Fingertips
36%
alone
35%
puttin'
35%
Ooh
7%
No matching quizzes found
Score Distribution
Percent of People with Each Score
Percentile by Number Answered
Your Score History
You have not taken this quiz